[Event "Portugal Open Semirrapidas"]
[Site "Lisboa POR"]
[Date "2020.02.02"]
[Round "6.1"]
[White "INDJIC, Aleksandar"]
[Black "ALEKSEEV, Evgeny"]
[Result "1/2-1/2"]
[BlackElo "2621"]
[WhiteElo "2533"]
[LiveChessVersion "1.4.8"]

1. d4 Nf6 2. Nc3 d5 3. Bf4 Bf5 4. f3 e6 5. g4 Bg6 6. h4 h6 7. Nb5 Na6 8. e3 c6 9.
Nc3 Nb8 10. Bd3 Bxd3 11. Qxd3 a6 12. Nge2 c5 13. O-O-O Nc6 14. g5 Nh5 15. g6 Qf6
16. gxf7+ Qxf7 17. Bh2 c4 18. Qd2 b5 19. e4 O-O-O 20. f4 Nf6 21. f5 b4 22. fxe6
bxc3 23. Nxc3 Qxe6 24. Rhe1 Qd7 25. e5 Ng4 26. Bf4 Qe6 27. Na4 Be7 28. b3 cxb3
29. axb3 Rhf8 30. Rf1 Kb7 31. Qe2 h5 32. Kb2 Ka7 33. Bg5 Rxf1 34. Bxe7 Qxe7 35.
Nc5 Rxd1 36. Qxa6+ Kb8 37. Qb6+ Ka8 38. Qxc6+ Kb8 39. Qb5+ Ka8 40. Qa5+ Kb8 41.
Qb5+ Ka8 42. Qc6+ Kb8 43. Qb6+ Ka8 44. Qa5+ Kb8 45. Qb6+ Ka8 1/2-1/2

[Event "Portugal Open Semirrapidas"]
[Site "Lisboa POR"]
[Date "2020.02.02"]
[Round "6.2"]
[White "PETROV, Nikita"]
[Black "GRIGORYAN, Karen H."]
[Result "0-1"]
[BlackElo "2667"]
[WhiteElo "2590"]
[LiveChessVersion "1.4.8"]

1. c4 {[%clk 0:14:18]} g6 {[%clk 0:15:02]} 2. Nc3 {[%clk 0:14:18]} Bg7
{[%clk 0:15:04]} 3. g3 {[%clk 0:14:22]} c5 {[%clk 0:14:55]} 4. Bg2
{[%clk 0:14:25]} Nc6 {[%clk 0:14:44]} 5. b3 {[%clk 0:14:27]} h5 {[%clk 0:14:05]}
6. h4 {[%clk 0:13:26]} d6 {[%clk 0:13:59]} 7. Bb2 {[%clk 0:13:21]} Bg4
{[%clk 0:14:01]} 8. Nf3 {[%clk 0:13:19]} Qd7 {[%clk 0:13:53]} 9. O-O
{[%clk 0:12:56]} Nh6 {[%clk 0:13:55]} 10. Qc1 {[%clk 0:12:25]} Nd4
{[%clk 0:13:04]} 11. Nxd4 {[%clk 0:11:29]} cxd4 {[%clk 0:13:07]} 12. Nb5
{[%clk 0:11:32]} Nf5 {[%clk 0:12:55]} 13. e4 {[%clk 0:11:35]} a6 {[%clk 0:12:25]}
14. exf5 {[%clk 0:11:32]} axb5 {[%clk 0:12:28]} 15. fxg6 {[%clk 0:11:33]} fxg6
{[%clk 0:12:31]} 16. Qe1 {[%clk 0:09:53]} bxc4 {[%clk 0:11:38]} 17. bxc4
{[%clk 0:09:57]} Bf5 {[%clk 0:11:41]} 18. Be4 {[%clk 0:09:38]} O-O
{[%clk 0:11:17]} 19. d3 {[%clk 0:09:02]} b5 {[%clk 0:10:17]} 20. Bxf5
{[%clk 0:08:16]} gxf5 {[%clk 0:10:07]} 21. cxb5 {[%clk 0:07:53]} Qxb5
{[%clk 0:10:09]} 22. Qe6+ {[%clk 0:07:56]} Rf7 {[%clk 0:10:00]} 23. Qe2
{[%clk 0:06:15]} f4 {[%clk 0:09:52]} 24. a4 {[%clk 0:06:17]} Rxa4
{[%clk 0:09:31]} 25. Rxa4 {[%clk 0:06:20]} Qxa4 {[%clk 0:09:35]} 26. Ra1
{[%clk 0:03:33]} Qc6 {[%clk 0:09:04]} 27. Qxh5 {[%clk 0:03:15]} fxg3
{[%clk 0:08:48]} 28. fxg3 {[%clk 0:03:19]} Qf3 {[%clk 0:08:45]} 29. Qg6
{[%clk 0:02:37]} Qf2+ {[%clk 0:08:23]} 30. Kh1 {[%clk 0:02:42]} Qxb2
{[%clk 0:08:22]} 31. Ra8+ {[%clk 0:02:46]} Rf8 {[%clk 0:08:26]} 32. Qe6+
{[%clk 0:02:50]} Kh8 {[%clk 0:08:25]} 0-1

[Event "Portugal Open Semirrapidas"]
[Site "Lisboa POR"]
[Date "2020.02.02"]
[Round "6.3"]
[White "SAVANOVIC, Aleksandar"]
[Black "GHAMARIAN, Tigran"]
[Result "0-1"]
[BlackElo "2597"]
[WhiteElo "2346"]
[LiveChessVersion "1.4.8"]

1. e4 {[%clk 0:15:08]} e6 {[%clk 0:15:08]} 2. d4 {[%clk 0:15:10]} d5
{[%clk 0:15:11]} 3. Nc3 {[%clk 0:15:12]} Bb4 {[%clk 0:15:14]} 4. e5
{[%clk 0:15:15]} c5 {[%clk 0:15:17]} 5. a3 {[%clk 0:15:19]} Bxc3+
{[%clk 0:15:19]} 6. bxc3 {[%clk 0:15:22]} Qc7 {[%clk 0:15:21]} 7. Qg4
{[%clk 0:15:10]} f6 {[%clk 0:15:24]} 8. Bb5+ {[%clk 0:15:11]} Kf8
{[%clk 0:15:27]} 9. Nf3 {[%clk 0:15:01]} Qa5 {[%clk 0:15:15]} 10. Rb1
{[%clk 0:14:55]} Qxc3+ {[%clk 0:15:18]} 11. Bd2 {[%clk 0:14:50]} Qxc2
{[%clk 0:15:03]} 12. Rc1 {[%clk 0:14:18]} Qe4+ {[%clk 0:14:36]} 13. Qxe4
{[%clk 0:14:20]} dxe4 {[%clk 0:14:40]} 14. Rxc5 {[%clk 0:14:24]} Bd7
{[%clk 0:14:16]} 15. Bxd7 {[%clk 0:12:30]} Nxd7 {[%clk 0:14:18]} 16. Rc7
{[%clk 0:12:32]} Ke8 {[%clk 0:14:16]} 17. Ng1 {[%clk 0:12:27]} Ne7
{[%clk 0:10:43]} 18. Ne2 {[%clk 0:12:29]} Nd5 {[%clk 0:10:46]} 19. Rxb7
{[%clk 0:12:32]} Ke7 {[%clk 0:10:30]} 20. exf6+ {[%clk 0:10:08]} gxf6
{[%clk 0:10:30]} 21. Nc3 {[%clk 0:09:41]} Rhb8 {[%clk 0:09:53]} 22. Nxd5+
{[%clk 0:09:44]} exd5 {[%clk 0:09:56]} 23. Bb4+ {[%clk 0:09:47]} Ke6
{[%clk 0:10:00]} 24. Rxb8 {[%clk 0:09:41]} Rxb8 {[%clk 0:10:02]} 25. Kd2
{[%clk 0:09:29]} Nb6 {[%clk 0:10:04]} 26. Rb1 {[%clk 0:07:37]} Nc4+
{[%clk 0:10:00]} 27. Kc2 {[%clk 0:07:41]} Rc8 {[%clk 0:08:58]} 28. Kd1
{[%clk 0:07:23]} Rb8 {[%clk 0:08:02]} 29. Kc2 {[%clk 0:07:07]} f5
{[%clk 0:08:02]} 30. g3 {[%clk 0:07:01]} f4 {[%clk 0:08:06]} 31. gxf4
{[%clk 0:06:38]} a5 {[%clk 0:06:58]} 32. Bc5 {[%clk 0:06:41]} Rxb1 33. Kxb1 Kf5
34. a4 {[%clk 0:04:56]} Kxf4 {[%clk 0:07:09]} 35. Be7 {[%clk 0:04:59]} Kf3
{[%clk 0:07:11]} 36. Bh4 {[%clk 0:05:03]} Nd6 {[%clk 0:04:37]} 37. Bd8
{[%clk 0:03:30]} Nc4 {[%clk 0:01:56]} 38. Bh4 {[%clk 0:03:31]} e3
{[%clk 0:01:45]} 39. fxe3 {[%clk 0:03:33]} Kxe3 {[%clk 0:01:49]} 40. Bf6
{[%clk 0:03:21]} Kd3 {[%clk 0:01:53]} 41. Ka2 {[%clk 0:02:11]} Kc3
{[%clk 0:01:57]} 42. h4 {[%clk 0:02:14]} Kb4 {[%clk 0:01:58]} 43. h5
{[%clk 0:02:17]} Kxa4 {[%clk 0:02:00]} 44. Be7 {[%clk 0:02:12]} Nd2
{[%clk 0:01:40]} 45. h6 {[%clk 0:02:08]} Nf3 {[%clk 0:01:37]} 46. Bc5
{[%clk 0:02:10]} Nh4 {[%clk 0:01:34]} 47. Bf8 {[%clk 0:01:41]} Nf5
{[%clk 0:01:37]} 48. Bg7 {[%clk 0:01:45]} Kb4 {[%clk 0:01:42]} 49. Kb2
{[%clk 0:01:48]} Kc4 {[%clk 0:01:36]} 50. Ka3 {[%clk 0:01:52]} Nxd4
{[%clk 0:01:38]} 51. Ka4 {[%clk 0:01:52]} Nb3 {[%clk 0:01:40]} 0-1

[Event "Portugal Open Semirrapidas"]
[Site "Lisboa POR"]
[Date "2020.02.02"]
[Round "6.4"]
[White "JANIK, Igor"]
[Black "MOTYLEV, Alexander"]
[Result "0-1"]
[BlackElo "2711"]
[WhiteElo "2527"]
[LiveChessVersion "1.4.8"]

1. d4 {[%clk 0:15:09]} Nf6 {[%clk 0:15:08]} 2. c4 {[%clk 0:15:12]} e6
{[%clk 0:15:12]} 3. Nf3 {[%clk 0:15:15]} d5 {[%clk 0:15:16]} 4. g3
{[%clk 0:15:10]} Bb4+ {[%clk 0:15:18]} 5. Nbd2 {[%clk 0:15:13]} dxc4
{[%clk 0:15:14]} 6. Bg2 {[%clk 0:15:14]} a5 {[%clk 0:14:41]} 7. O-O
{[%clk 0:15:11]} b5 {[%clk 0:14:38]} 8. a3 {[%clk 0:15:15]} Bxd2 {[%clk 0:14:38]}
9. Bxd2 {[%clk 0:15:15]} Bb7 {[%clk 0:13:08]} 10. b3 {[%clk 0:15:19]} O-O
{[%clk 0:12:57]} 11. bxc4 {[%clk 0:15:06]} bxc4 {[%clk 0:13:00]} 12. Rc1
{[%clk 0:14:58]} Bd5 {[%clk 0:12:58]} 13. Bg5 {[%clk 0:14:53]} Nc6
{[%clk 0:12:25]} 14. e3 {[%clk 0:14:25]} a4 {[%clk 0:09:42]} 15. Qc2
{[%clk 0:12:18]} Na5 {[%clk 0:08:59]} 16. Bxf6 {[%clk 0:12:20]} Qxf6
{[%clk 0:08:47]} 17. Ne5 {[%clk 0:12:22]} Bxg2 {[%clk 0:07:40]} 18. Kxg2
{[%clk 0:12:23]} Qe7 {[%clk 0:07:37]} 19. Nxc4 {[%clk 0:09:35]} Nxc4
{[%clk 0:07:17]} 20. Qxc4 {[%clk 0:09:37]} Qxa3 {[%clk 0:07:21]} 21. Qxc7
{[%clk 0:08:12]} Qb3 {[%clk 0:07:11]} 22. Ra1 {[%clk 0:06:35]} Qd5+
{[%clk 0:06:12]} 23. Kg1 {[%clk 0:06:37]} Rfc8 {[%clk 0:06:03]} 24. Qe7
{[%clk 0:06:34]} h5 {[%clk 0:05:56]} 25. Rfb1 {[%clk 0:06:05]} Qf3
{[%clk 0:05:33]} 26. Qb7 {[%clk 0:05:03]} Rc1+ {[%clk 0:05:26]} 0-1

[Event "Portugal Open Semirrapidas"]
[Site "Lisboa POR"]
[Date "2020.02.02"]
[Round "6.5"]
[White "ULYANOVSKYY, Viktor"]
[Black "ITURRIZAGA, Eduardo"]
[Result "0-1"]
[BlackElo "2643"]
[WhiteElo "2236"]
[LiveChessVersion "1.4.8"]

1. e4 {[%clk 0:15:08]} c5 {[%clk 0:14:34]} 2. c4 {[%clk 0:15:04]} g6
{[%clk 0:14:35]} 3. Nf3 {[%clk 0:15:03]} Bg7 {[%clk 0:14:33]} 4. d4
{[%clk 0:15:05]} cxd4 {[%clk 0:14:33]} 5. Nxd4 {[%clk 0:15:09]} Qb6
{[%clk 0:14:38]} 6. Nb3 {[%clk 0:15:09]} Nc6 {[%clk 0:14:32]} 7. Be2
{[%clk 0:14:56]} Nf6 {[%clk 0:14:32]} 8. Nc3 {[%clk 0:14:59]} O-O
{[%clk 0:14:34]} 9. O-O {[%clk 0:15:03]} d6 {[%clk 0:14:36]} 10. Be3
{[%clk 0:15:01]} Qd8 {[%clk 0:14:40]} 11. Qd2 {[%clk 0:14:41]} a5
{[%clk 0:14:44]} 12. f3 {[%clk 0:14:22]} a4 {[%clk 0:14:44]} 13. Nd4
{[%clk 0:14:26]} Qa5 {[%clk 0:14:48]} 14. Rfd1 {[%clk 0:14:16]} Nxd4
{[%clk 0:14:38]} 15. Bxd4 {[%clk 0:14:20]} Be6 {[%clk 0:14:42]} 16. Nd5
{[%clk 0:12:17]} Bxd5 {[%clk 0:14:44]} 17. Qxa5 {[%clk 0:12:19]} Rxa5
{[%clk 0:14:48]} 18. cxd5 {[%clk 0:12:23]} Nd7 {[%clk 0:14:52]} 19. Rac1
{[%clk 0:11:54]} Nc5 {[%clk 0:14:10]} 20. Rc3 {[%clk 0:10:01]} Rb8
{[%clk 0:14:05]} 21. Ra3 {[%clk 0:09:29]} Raa8 {[%clk 0:13:40]} 22. Bb5
{[%clk 0:09:06]} Rc8 {[%clk 0:13:04]} 23. Kf2 {[%clk 0:08:52]} Ra5
{[%clk 0:11:49]} 24. Be2 {[%clk 0:08:44]} b6 {[%clk 0:11:40]} 25. Ke3
{[%clk 0:08:06]} Bh6+ {[%clk 0:11:44]} 26. f4 {[%clk 0:07:54]} Bg7
{[%clk 0:10:55]} 27. Bxg7 {[%clk 0:07:03]} Kxg7 {[%clk 0:10:56]} 28. Rd4
{[%clk 0:06:47]} Rb8 {[%clk 0:10:57]} 29. Bd1 {[%clk 0:06:14]} Rba8
{[%clk 0:10:31]} 30. Be2 {[%clk 0:05:12]} Rb8 {[%clk 0:10:36]} 31. Bd1
{[%clk 0:05:16]} Rb5 {[%clk 0:10:40]} 32. b4 {[%clk 0:04:56]} axb3
{[%clk 0:10:44]} 33. axb3 {[%clk 0:05:01]} Ra5 {[%clk 0:10:48]} 34. Rxa5
{[%clk 0:04:18]} bxa5 {[%clk 0:10:53]} 35. Rc4 {[%clk 0:04:23]} Nxb3
{[%clk 0:08:04]} 36. Bxb3 {[%clk 0:03:18]} Rxb3+ {[%clk 0:08:08]} 37. Kd4
{[%clk 0:03:22]} f5 {[%clk 0:05:22]} 38. e5 {[%clk 0:02:49]} Rb2 {[%clk 0:01:07]}
39. Rc7 {[%clk 0:02:21]} Kf8 {[%clk 0:01:03]} 40. Rc8+ {[%clk 0:01:44]} Kf7
{[%clk 0:01:06]} 41. exd6 {[%clk 0:01:25]} exd6 {[%clk 0:01:10]} 42. Rc7+
{[%clk 0:00:47]} Ke8 {[%clk 0:01:00]} 43. Rxh7 {[%clk 0:00:41]} Rxg2
{[%clk 0:01:04]} 44. Ra7 {[%clk 0:00:32]} Re2 {[%clk 0:01:00]} 45. Rg7
{[%clk 0:00:19]} Re4+ {[%clk 0:00:31]} 46. Kd3 {[%clk 0:00:24]} Rxf4
{[%clk 0:00:35]} 47. Rxg6 {[%clk 0:00:28]} Ke7 {[%clk 0:00:39]} 48. Re6+
{[%clk 0:00:22]} Kd7 {[%clk 0:00:44]} 49. Rf6 {[%clk 0:00:26]} Kc7
{[%clk 0:00:44]} 50. h4 {[%clk 0:00:27]} Rxh4 {[%clk 0:00:45]} 51. Rxf5 Kb6 52.
Kc3 {[%clk 0:00:34]} Kc5 {[%clk 0:00:49]} 53. Kb3 {[%clk 0:00:32]} Rd4
{[%clk 0:00:45]} 54. Rf8 {[%clk 0:00:19]} Rxd5 {[%clk 0:00:33]} 55. Kc3
{[%clk 0:00:21]} Rh5 {[%clk 0:00:33]} 56. Rc8+ {[%clk 0:00:25]} Kd5
{[%clk 0:00:36]} 57. Ra8 {[%clk 0:00:29]} Ke4 {[%clk 0:00:30]} 58. Re8+
{[%clk 0:00:32]} Re5 {[%clk 0:00:34]} 59. Ra8 {[%clk 0:00:35]} Rc5+
{[%clk 0:00:38]} 60. Kd2 {[%clk 0:00:39]} d5 {[%clk 0:00:40]} 61. Rh8
{[%clk 0:00:41]} Rc4 {[%clk 0:00:40]} 62. Ra8 {[%clk 0:00:41]} a4
{[%clk 0:00:43]} 63. Ra7 {[%clk 0:00:45]} Kd4 {[%clk 0:00:45]} 64. Ra8
{[%clk 0:00:49]} Kc5 {[%clk 0:00:41]} 65. Kd3 {[%clk 0:00:51]} Kb4
{[%clk 0:00:22]} 66. Rb8+ {[%clk 0:00:50]} Ka3 {[%clk 0:00:24]} 67. Rb5
{[%clk 0:00:54]} Rb4 {[%clk 0:00:23]} 68. Rxd5 {[%clk 0:00:54]} Kb2
{[%clk 0:00:22]} 69. Rh5 {[%clk 0:00:57]} a3 {[%clk 0:00:27]} 70. Rh1
{[%clk 0:01:02]} a2 {[%clk 0:00:29]} 71. Rh2+ 0-1

[Event "Portugal Open Semirrapidas"]
[Site "Lisboa POR"]
[Date "2020.02.02"]
[Round "6.6"]
[White "STACHOWIAK, Kamil"]
[Black "ROCHA, Sergio"]
[Result "1-0"]
[BlackElo "2226"]
[WhiteElo "2500"]
[LiveChessVersion "1.4.8"]

1. d4 {[%clk 0:15:09]} d6 {[%clk 0:15:09]} 2. Nf3 {[%clk 0:15:12]} Bg4
{[%clk 0:15:13]} 3. Nbd2 {[%clk 0:15:16]} Nd7 {[%clk 0:15:15]} 4. g3
{[%clk 0:15:19]} e5 {[%clk 0:15:14]} 5. Bg2 {[%clk 0:15:11]} Ngf6
{[%clk 0:15:14]} 6. O-O {[%clk 0:14:44]} Be7 {[%clk 0:15:16]} 7. c4
{[%clk 0:14:46]} O-O {[%clk 0:15:15]} 8. Re1 {[%clk 0:14:15]} Re8
{[%clk 0:15:19]} 9. Qc2 {[%clk 0:13:26]} Bf8 {[%clk 0:15:19]} 10. e4
{[%clk 0:13:14]} a5 {[%clk 0:15:00]} 11. b3 {[%clk 0:13:09]} Bh5 {[%clk 0:14:40]}
12. Bb2 {[%clk 0:13:12]} Bg6 {[%clk 0:14:33]} 13. Nh4 {[%clk 0:12:52]} a4
{[%clk 0:14:04]} 14. b4 {[%clk 0:12:48]} a3 {[%clk 0:14:06]} 15. Bc3
{[%clk 0:12:52]} Nb8 {[%clk 0:13:51]} 16. Nb3 {[%clk 0:12:13]} Nc6
{[%clk 0:13:42]} 17. Nxg6 {[%clk 0:11:21]} hxg6 {[%clk 0:13:46]} 18. d5
{[%clk 0:11:25]} Nb8 {[%clk 0:13:27]} 19. c5 {[%clk 0:11:26]} Na6
{[%clk 0:13:25]} 20. Bd2 {[%clk 0:11:17]} Qb8 {[%clk 0:13:21]} 21. h4
{[%clk 0:10:39]} Qc8 {[%clk 0:12:31]} 22. Rac1 {[%clk 0:09:54]} Qd7
{[%clk 0:12:04]} 23. Qc4 {[%clk 0:09:50]} Qg4 {[%clk 0:11:23]} 24. Na5
{[%clk 0:08:35]} dxc5 {[%clk 0:11:08]} 25. b5 {[%clk 0:08:38]} Nb8
{[%clk 0:10:01]} 26. Nxb7 {[%clk 0:08:41]} Nbd7 {[%clk 0:10:05]} 27. Be3
{[%clk 0:05:47]} Nb6 {[%clk 0:08:30]} 28. Qc2 {[%clk 0:05:50]} Qd7
{[%clk 0:07:42]} 29. Nxc5 {[%clk 0:05:36]} Qxb5 {[%clk 0:07:32]} 30. Bf1
{[%clk 0:05:15]} Qb2 {[%clk 0:07:29]} 31. Qd3 {[%clk 0:04:54]} Ng4
{[%clk 0:06:23]} 32. Nb3 {[%clk 0:03:44]} Nxe3 {[%clk 0:06:14]} 33. Qxe3
{[%clk 0:03:23]} Qxa2 {[%clk 0:05:05]} 34. Re2 {[%clk 0:03:21]} Qxe2
{[%clk 0:03:24]} 35. Bxe2 {[%clk 0:03:04]} Na4 {[%clk 0:03:26]} 36. Rxc7
{[%clk 0:01:17]} Reb8 {[%clk 0:03:16]} 37. Qf3 {[%clk 0:00:59]} f6
{[%clk 0:03:08]} 38. Rc1 {[%clk 0:00:27]} Nc5 {[%clk 0:02:22]} 39. Bc4
{[%clk 0:00:15]} Bd6 {[%clk 0:01:17]} 40. Nxc5 {[%clk 0:00:18]} Bxc5
{[%clk 0:01:19]} 41. d6+ {[%clk 0:00:22]} Kf8 {[%clk 0:01:21]} 42. Qg4
{[%clk 0:00:19]} Re8 {[%clk 0:00:45]} 43. Qd7 {[%clk 0:00:21]} Ra7
{[%clk 0:00:46]} 44. Qc6 {[%clk 0:00:23]} Bb4 {[%clk 0:00:22]} 45. Qd5
{[%clk 0:00:26]} 1-0

[Event "Portugal Open Semirrapidas"]
[Site "Lisboa POR"]
[Date "2020.02.02"]
[Round "6.7"]
[White "JARACZ, Pawel"]
[Black "FIDALGO, Andre Neves"]
[Result "1-0"]
[BlackElo "2190"]
[WhiteElo "2434"]
[LiveChessVersion "1.4.8"]

1. e4 {[%clk 0:15:09]} c5 {[%clk 0:15:09]} 2. Nf3 {[%clk 0:15:12]} Nc6
{[%clk 0:15:13]} 3. Bb5 {[%clk 0:15:16]} g6 {[%clk 0:15:17]} 4. Bxc6
{[%clk 0:15:11]} dxc6 {[%clk 0:15:20]} 5. d3 {[%clk 0:15:15]} Nf6
{[%clk 0:15:17]} 6. h3 {[%clk 0:15:12]} Bg7 {[%clk 0:15:19]} 7. Nc3
{[%clk 0:15:16]} Nd7 {[%clk 0:15:22]} 8. Be3 {[%clk 0:14:54]} e5 {[%clk 0:15:24]}
9. Qd2 {[%clk 0:14:44]} h6 {[%clk 0:15:25]} 10. Ng1 {[%clk 0:14:47]} b6
{[%clk 0:15:28]} 11. Nge2 {[%clk 0:14:51]} Nf8 {[%clk 0:15:31]} 12. f4
{[%clk 0:14:55]} Ne6 {[%clk 0:14:35]} 13. fxe5 {[%clk 0:14:21]} Bxe5
{[%clk 0:14:38]} 14. O-O-O {[%clk 0:14:24]} Qe7 {[%clk 0:14:24]} 15. Rhf1
{[%clk 0:14:17]} g5 {[%clk 0:13:54]} 16. d4 {[%clk 0:13:45]} cxd4
{[%clk 0:12:28]} 17. Nxd4 {[%clk 0:13:48]} Nxd4 {[%clk 0:12:12]} 18. Bxd4
{[%clk 0:13:52]} Bxd4 {[%clk 0:12:16]} 19. Qxd4 {[%clk 0:13:55]} Rh7
{[%clk 0:12:12]} 20. e5 {[%clk 0:13:55]} Be6 {[%clk 0:11:38]} 21. Qe4
{[%clk 0:13:49]} 1-0

[Event "Portugal Open Semirrapidas"]
[Site "Lisboa POR"]
[Date "2020.02.02"]
[Round "6.8"]
[White "ASADLI, Vugar"]
[Black "SABUK, Piotr"]
[Result "1-0"]
[BlackElo "2398"]
[WhiteElo "2273"]
[LiveChessVersion "1.4.8"]

1. e4 {[%clk 0:15:06]} e5 {[%clk 0:15:07]} 2. Nf3 {[%clk 0:15:04]} Nc6
{[%clk 0:15:11]} 3. Nc3 {[%clk 0:15:06]} Nf6 {[%clk 0:15:10]} 4. Bb5
{[%clk 0:15:10]} Bb4 {[%clk 0:15:11]} 5. O-O {[%clk 0:15:05]} O-O
{[%clk 0:15:09]} 6. d3 {[%clk 0:15:08]} d6 {[%clk 0:15:03]} 7. Ne2
{[%clk 0:15:02]} Ne7 {[%clk 0:14:47]} 8. c3 {[%clk 0:15:01]} Ba5 {[%clk 0:14:48]}
9. Ng3 {[%clk 0:14:54]} Ng6 {[%clk 0:14:40]} 10. d4 {[%clk 0:14:54]} Bb6
{[%clk 0:14:22]} 11. h3 {[%clk 0:14:27]} exd4 {[%clk 0:13:46]} 12. cxd4
{[%clk 0:14:07]} d5 {[%clk 0:13:48]} 13. e5 {[%clk 0:12:55]} Ne4 {[%clk 0:13:49]}
14. Be3 {[%clk 0:12:59]} f5 {[%clk 0:12:44]} 15. exf6 {[%clk 0:12:56]} Nxf6
{[%clk 0:12:32]} 16. Bd3 {[%clk 0:12:54]} Qd6 {[%clk 0:11:51]} 17. Re1
{[%clk 0:12:28]} c6 {[%clk 0:11:31]} 18. Ne5 {[%clk 0:12:28]} Bc7
{[%clk 0:10:51]} 19. Bxg6 {[%clk 0:12:01]} hxg6 {[%clk 0:10:47]} 20. Nxg6
{[%clk 0:12:05]} Rf7 {[%clk 0:08:47]} 21. Bf4 {[%clk 0:11:47]} Qd8
{[%clk 0:08:03]} 22. Bxc7 {[%clk 0:11:30]} Qxc7 {[%clk 0:08:07]} 23. Re5
{[%clk 0:11:33]} Bd7 {[%clk 0:07:49]} 24. Ne7+ {[%clk 0:11:24]} Kf8
{[%clk 0:07:46]} 25. Ng6+ {[%clk 0:11:27]} Kg8 {[%clk 0:07:50]} 26. Rh5
{[%clk 0:10:57]} Nxh5 {[%clk 0:07:15]} 27. Qxh5 {[%clk 0:11:01]} Rf6
{[%clk 0:06:47]} 28. Re1 {[%clk 0:10:53]} Re8 {[%clk 0:06:21]} 29. Rxe8+
{[%clk 0:10:10]} Bxe8 30. Qh8+ Kf7 {[%clk 0:06:26]} 31. Ne5+ {[%clk 0:10:19]} Ke7
{[%clk 0:06:12]} 32. Qxg7+ {[%clk 0:10:23]} Bf7 {[%clk 0:06:11]} 33. Nh5
{[%clk 0:10:27]} Rf5 {[%clk 0:05:51]} 34. g4 {[%clk 0:10:27]} Rxe5
{[%clk 0:05:13]} 35. dxe5 {[%clk 0:10:20]} Qa5 {[%clk 0:04:47]} 36. Qf6+
{[%clk 0:10:11]} Kf8 {[%clk 0:04:45]} 37. Qd6+ {[%clk 0:10:14]} Kg8
{[%clk 0:04:20]} 38. Nf6+ {[%clk 0:09:49]} Kg7 {[%clk 0:04:24]} 39. Qe7
{[%clk 0:09:43]} d4 {[%clk 0:04:09]} 40. Kg2 {[%clk 0:08:20]} Qxa2
{[%clk 0:04:03]} 41. Nh5+ {[%clk 0:08:19]} Kg8 {[%clk 0:04:00]} 42. Qd8+
{[%clk 0:08:21]} Kh7 {[%clk 0:04:03]} 43. Nf6+ {[%clk 0:08:19]} Kg7
{[%clk 0:04:01]} 44. Qxd4 {[%clk 0:08:22]} a5 {[%clk 0:03:47]} 45. h4
{[%clk 0:08:14]} a4 {[%clk 0:03:39]} 46. h5 {[%clk 0:08:18]} Bd5+
{[%clk 0:03:37]} 47. Nxd5 {[%clk 0:08:06]} cxd5 {[%clk 0:03:01]} 48. e6+
{[%clk 0:08:09]} Kh7 {[%clk 0:03:03]} 49. e7 {[%clk 0:08:10]} 1-0

[Event "Portugal Open Semirrapidas"]
[Site "Lisboa POR"]
[Date "2020.02.02"]
[Round "6.9"]
[White "BASHIRLI, Nail"]
[Black "CAMPORA, Daniel"]
[Result "0-1"]
[BlackElo "2367"]
[WhiteElo "2153"]
[LiveChessVersion "1.4.8"]

1. e4 {[%clk 0:14:22]} e5 {[%clk 0:12:13]} 2. Nf3 {[%clk 0:14:19]} Nc6
{[%clk 0:12:17]} 3. Nc3 {[%clk 0:14:24]} Nf6 {[%clk 0:12:20]} 4. Bb5
{[%clk 0:14:28]} Bb4 {[%clk 0:12:23]} 5. O-O {[%clk 0:14:30]} O-O
{[%clk 0:11:41]} 6. d3 {[%clk 0:14:34]} d6 {[%clk 0:11:28]} 7. Bg5
{[%clk 0:14:34]} Bxc3 {[%clk 0:11:29]} 8. bxc3 {[%clk 0:14:38]} Qe7
{[%clk 0:11:26]} 9. Re1 {[%clk 0:14:36]} Nd8 {[%clk 0:11:25]} 10. d4
{[%clk 0:14:26]} h6 {[%clk 0:10:48]} 11. Bd2 {[%clk 0:14:08]} c5 {[%clk 0:10:40]}
12. h3 {[%clk 0:13:40]} Ne6 {[%clk 0:10:26]} 13. Rb1 {[%clk 0:12:53]} Rd8
{[%clk 0:10:23]} 14. a4 {[%clk 0:12:24]} Nf8 {[%clk 0:09:00]} 15. Qc1
{[%clk 0:12:10]} Ng6 {[%clk 0:08:53]} 16. Bc4 {[%clk 0:11:51]} Be6
{[%clk 0:08:14]} 17. Bf1 {[%clk 0:10:39]} Rab8 {[%clk 0:08:10]} 18. a5
{[%clk 0:10:12]} Rdc8 {[%clk 0:08:10]} 19. d5 {[%clk 0:08:41]} Bd7
{[%clk 0:08:11]} 20. Kh2 {[%clk 0:08:31]} Nh7 {[%clk 0:07:48]} 21. g4
{[%clk 0:07:52]} Nh4 {[%clk 0:07:32]} 22. Nxh4 {[%clk 0:06:11]} Qxh4
{[%clk 0:07:34]} 23. Kg2 {[%clk 0:06:06]} Ng5 {[%clk 0:07:27]} 24. Re3
{[%clk 0:06:06]} Rc7 {[%clk 0:06:47]} 25. Be2 {[%clk 0:05:21]} Nh7
{[%clk 0:06:19]} 26. Rg3 {[%clk 0:05:10]} Rf8 {[%clk 0:05:31]} 27. f3
{[%clk 0:04:33]} Bc8 {[%clk 0:05:26]} 28. Kh2 {[%clk 0:03:58]} Qd8
{[%clk 0:05:01]} 29. Be3 {[%clk 0:03:12]} Re8 {[%clk 0:04:53]} 30. Qd2
{[%clk 0:03:10]} g5 {[%clk 0:04:40]} 31. Kg2 {[%clk 0:02:54]} f6 {[%clk 0:04:42]}
32. h4 {[%clk 0:02:53]} Nf8 {[%clk 0:04:39]} 33. Rh1 {[%clk 0:02:16]} Rh7
{[%clk 0:04:09]} 34. c4 {[%clk 0:02:04]} Ng6 {[%clk 0:04:01]} 35. h5
{[%clk 0:02:03]} Nf4+ {[%clk 0:04:05]} 36. Bxf4 {[%clk 0:01:49]} gxf4
{[%clk 0:04:07]} 37. Rgh3 {[%clk 0:01:53]} b6 {[%clk 0:04:00]} 38. Ra1
{[%clk 0:01:49]} bxa5 {[%clk 0:03:56]} 39. Rxa5 {[%clk 0:01:43]} Ree7
{[%clk 0:03:41]} 40. Rh1 {[%clk 0:01:47]} a6 {[%clk 0:03:44]} 41. Rha1
{[%clk 0:01:19]} Ra7 {[%clk 0:03:46]} 42. Kh3 {[%clk 0:01:15]} Rhg7
{[%clk 0:03:46]} 43. R5a3 {[%clk 0:01:12]} Qe8 {[%clk 0:03:46]} 44. Kh2
{[%clk 0:01:08]} Qd8 {[%clk 0:03:40]} 45. Qe1 {[%clk 0:01:12]} Ra8
{[%clk 0:03:38]} 46. R1a2 {[%clk 0:01:03]} f5 {[%clk 0:03:19]} 47. exf5
{[%clk 0:00:55]} Bxf5 {[%clk 0:03:22]} 48. Bf1 {[%clk 0:00:34]} Bc8
{[%clk 0:03:18]} 49. Rb2 {[%clk 0:00:23]} a5 {[%clk 0:03:10]} 50. c3
{[%clk 0:00:20]} a4 {[%clk 0:03:09]} 51. Kh1 {[%clk 0:00:23]} Bd7
{[%clk 0:03:02]} 52. Bd3 {[%clk 0:00:17]} Rb8 {[%clk 0:03:04]} 53. Rb5
{[%clk 0:00:13]} Bxb5 {[%clk 0:03:04]} 54. cxb5 {[%clk 0:00:18]} c4
{[%clk 0:03:07]} 55. Bxc4 {[%clk 0:00:21]} e4 {[%clk 0:03:07]} 56. Bf1
{[%clk 0:00:15]} e3 {[%clk 0:02:57]} 57. Rxa4 {[%clk 0:00:17]} Qg5
{[%clk 0:02:57]} 58. b6 {[%clk 0:00:18]} Rgb7 {[%clk 0:02:49]} 59. Ra7
{[%clk 0:00:09]} Rxb6 {[%clk 0:02:51]} 60. Bd3 {[%clk 0:00:11]} R6b7
{[%clk 0:02:48]} 61. Ra6 {[%clk 0:00:12]} Qxd5 {[%clk 0:02:45]} 62. Qf1
{[%clk 0:00:10]} Qxd3 {[%clk 0:02:38]} 63. Qxd3 {[%clk 0:00:13]} Rb1+
{[%clk 0:02:42]} 0-1